| 000 | 00845 a2200205 4500 | ||
|---|---|---|---|
| 003 | Nust | ||
| 005 | 20230126132758.0 | ||
| 010 | _a 77004963 | ||
| 020 | _a0876268890 : | ||
| 040 | _cNust | ||
| 082 | 0 | 0 | _a658.403,CAM |
| 100 | 1 |
_aCampbell, Bonita J. _9107782 |
|
| 245 | 1 | 0 |
_aUnderstanding information systems : _bfoundations for control / _cBonita J. Campbell. |
| 260 |
_aCambridge, Mass. : _bWinthrop Publishers, _cc1977. |
||
| 300 |
_axviii, 153 p. : _bill. ; _c21 cm. |
||
| 490 | 0 | _aWinthrop management series | |
| 505 | _aBasic Systems Concepts (Page-1), The Systems Approach (Page-27), Basic Concepts of Information Systems (Page-43), Information Systems Analysis and design (Page-63), Information systems and the Computer (Page-89), Epilogue (Page-113). | ||
| 650 | 0 | _aManagement information systems. | |
| 942 |
_2ddc _cBK _k658.403,CAM |
||
| 999 |
_c184513 _d184513 |
||